Statistics for All Star Wars Games

Click here to take the quiz!

General Stats

  • This quiz has been taken 8 times
  • The average score is 6 of 49

Answer Stats

HintAnswer% Correct
BBattlefront
86%
BBattlefront 2
86%
FForce Unleashed
71%
KKnights of the Old Republic
57%
FForce Unleashed 2
43%
JJedi Fallen Order
43%
LLego Star Wars the complete saga
43%
KKnights of the Old Republic 2
29%
DDark Forces
14%
EEmpire at War
14%
JJedi Academy
14%
JJedi Outcast
14%
OOld Republic
14%
RRepublic Commando
14%
SSquadrons
14%
TTie Fighter
14%
BBattle for Naboo
0%
BBounty Hunter
0%
EEpisode 1 Racer
0%
GGalactic Battlegrounds
0%
GGalaxy of Heros
0%
JJedi Knight Dark Forces 2
0%
JJedi Power Battles
0%
JJedi Starfighter
0%
LLego Force Awakens
0%
LLego Star Wars 2 The original Trilogy
0%
LLego Star Wars 3 The Clone Wars
0%
LLego Star Wars The Skywalker Saga
0%
LLego Star Wars The video game
0%
MMasters of Teras Kasi
0%
RRacer Revenge
0%
RRebel Assault
0%
RRebel Assualt 2
0%
RRebellion
0%
RRepublic Heros
0%
RRevenge of the Sith
0%
RRogue Squadron 3 Rebel Strike
0%
RRouge Squadron
0%
RRouge Squadrons 2
0%
SShadows of the Empire
0%
SStarfighter
0%
SStar Wars Atari Games
0%
SStar Wars Galaxies
0%
SStar Wars X-Wing
0%
SSuper Star Wars
0%
TThe Clone Wars
0%
XX-wing Alliance
0%
XX-Wing vs Tie Fighter
0%
YYoda Stories
0%

Score Distribution

Percentile by Number Answered

Percent of People with Each Score

Your Score History

You have not taken this quiz